LEADER 01318nam a2200277 i 4500 001 000000254015 003 CaOOAMICUS 005 20241204143842.0 008 170530s1980 it u000 u ita u 040 $aSeMil$bita 100 1 $aAdriányi, Gabriel.$0(OLS)http://semarc/name/37326 240 14$aDie Weltkirche im 20. Jahrhundert.$0(OLS)http://semarc/title/410843 245 10$a10.2: La Chiesa nei vari paesi ai nostri giorni /$cGabriel Adriányi ... [et al.] ; traduzione Carlo Danna ; aggiornamento bibliografico Luigi Mezzadri. 300 $aXX, P. 452-788. ;$c25 cm 490 1 $aGià e non ancora ;$v67 650 4$aChiesa - Storia - Sec. 20.-21.$0(OLS)http://semarc/subject/686 700 1 $aDanna, Carlo.$0(OLS)http://semarc/name/2768 773 0 $tStoria della Chiesa.$dMilano : Jaca Book, 1975-1995.$gVol.10$w()1532 830 0$aGià e non ancora ;$v67.$0(OLS)http://semarc/title/5902 850 $aSeMil 852 $aSeMil$W1$xVenegono$y1$mSL1.F VI 10/2$j41728$B41728$CSeMilBibl$Z2$F41732 $8I 852 $aSeMil$W1$xVenegono$y1$m3A V 374/2$j204361$B204361$CSeMilBibl$Z2$F218112 $81 961 $aAcquisto: Casa editrice 961 $aRecupero: Seminario di Seveso 996 $6245$a10.2: La Chiesa nei vari paesi ai nostri giorni$9(OLS)http://semarc/title/410842 LEADER 01281nam a2200277 i 4500 001 000000041949 003 CaOOAMICUS 005 20090504000000.0 008 090504s1965 it u000 u ita u 013 $a13119 040 $aSeMil$bita 100 1 $aGauthier, Paul.$0(OLS)http://semarc/name/20699 240 10$aConsolez mon peuple.$0(OLS)http://semarc/title/60993 245 13$aLa Chiesa dei poveri e il Concilio /$cPaul Gauthier ; [introduzione di Mario Gozzini ] ; [con due saggi di Jean Mouroux e Yves M.-J. Congar ]. 260 $aFirenze :$bVallecchi,$ccopyr. 1965. 300 $aXXIV, 268 p. ;$c23 cm. 490 0 $aMezzo secolo ;$v10 650 4$aConcilio Vaticano II <1962-1965>.$0(OLS)http://semarc/subject/283 700 1 $aGozzini, Mario.$0(OLS)http://semarc/name/2998 700 1 $aMouroux, Jean,$c.$0(OLS)http://semarc/name/16383 700 1 $aCongar, Yves,$c.$0(OLS)http://semarc/name/3722 830 0$aMezzo secolo ;$v10.$0(OLS)http://semarc/title/18531 850 $aSeMil 852 $aSeMil$W1$xVenegono$y1$m2A I 206$j8104$B8104$CSeMilBibl$Z2$F8104 $81 996 $6245$aLa Chiesa dei poveri e il Concilio$9(OLS)http://semarc/title/60992 996 $6260$aFirenze :$bVallecchi$9(OLS)http://semarc/publisher/29768